000 00453nam a2200181Ia 4500
003 GCL
008 140319s9999 xx 000 0 eng d
040 _aGCL /
_cGCL
082 0 4 _a745.5928
_bT P
100 1 _aTEMPEST, JACK
245 1 0 _aPOST - WAR TIN TOYS: A CALLECTAR'S GUIDE /
_cTEMPEST, JACK
260 _a[S.N] :
_bTHE APPLE PRESS ،
_c1991
300 _a128 P
650 0 4 _aHANDCRAFT
650 0 4 _aARTS
650 0 4 _aTOYS
942 _2ddc
_cBK
999 _c21084
_d21084